[Event "Mecklenburg VP VL 1112"]
[Site "Mecklenburg VP"]
[Date "2012.03.18"]
[Round "8.1"]
[White "Mertin, Jan"]
[Black "Skibbe, Willi"]
[Result "0-1"]
[WhiteElo "1957"]
[BlackElo "2143"]
[PlyCount "102"]
[EventDate "2011.10.02"]
[EventType "team-tourn"]
[EventRounds "9"]
[EventCountry "GER"]
[SourceTitle "EXT 2022"]
[Source "ChessBase"]
[SourceDate "2021.10.06"]
[SourceVersion "1"]
[SourceVersionDate "2021.10.06"]
[SourceQuality "1"]
[WhiteTeam "Greifswald II"]
[BlackTeam "Rostock SSC 07 II"]
[WhiteTeamCountry "GER"]
[BlackTeamCountry "GER"]

1. e4 e5 2. Nf3 d6 3. Nc3 Nf6 4. g3 Be7 5. Bg2 0-0 6. 0-0 c5 7. d3 Nc6 8. Be3 Rb8 9. a4 a6 10. Qd2 Ng4 11. h3 Nxe3 12. fxe3 b5 13. axb5 axb5 14. Nd5 Be6 15. d4 exd4 16. exd4 Bxd5 17. exd5 Nxd4 18. Nxd4 cxd4 19. Qxd4 Bf6 20. Qb4 Be5 21. Rf3 Qb6+ 22. Kh1 Rfc8 23. c3 Rc4 24. Qb3 Qc5 25. Rd1 g6 26. Bf1 Ra4 27. c4 Rb4 28. Qe3 Qxe3 29. Rxe3 bxc4 30. Rc1 Rb3 31. Rce1 Bxg3 32. Rxb3 cxb3 33. Re3 Be5 34. Bc4 Bxb2 35. Rxb3 Rxb3 36. Bxb3 f5 37. Kg2 Kf7 38. Kf3 Kf6 39. Bc4 Ke5 40. Bb3 Bc3 41. Bc4 g5 42. Bb3 h5 43. Kg3 Be1+ 44. Kf3 g4+ 45. hxg4 hxg4+ 46. Ke2 Bb4 47. Kf2 f4 48. Bc4 f3 49. Kg3 Kf5 50. Bd3+ Kg5 51. Kf2 Kf4 0-1

[Event "Mecklenburg VP VL 1112"]
[Site "Mecklenburg VP"]
[Date "2011.10.02"]
[Round "1.3"]
[White "Mertin, Jan"]
[Black "Naujok, Joerg"]
[Result "1/2-1/2"]
[WhiteElo "1957"]
[BlackElo "1927"]
[PlyCount "34"]
[EventDate "2011.10.02"]
[EventType "team-tourn"]
[EventRounds "9"]
[EventCountry "GER"]
[SourceTitle "EXT 2022"]
[Source "ChessBase"]
[SourceDate "2021.10.06"]
[SourceVersion "1"]
[SourceVersionDate "2021.10.06"]
[SourceQuality "1"]
[WhiteTeam "Greifswald II"]
[BlackTeam "Grevesmuehlen Blau Weiss"]
[WhiteTeamCountry "GER"]
[BlackTeamCountry "GER"]

1. e4 Nf6 2. e5 Nd5 3. d4 d6 4. Nf3 Bg4 5. Be2 e6 6. 0-0 Be7 7. c4 Nb6 8. b3 0-0 9. Bb2 c5 10. Nc3 Nc6 11. exd6 Bxd6 12. d5 exd5 13. Nxd5 Nxd5 14. Qxd5 Be6 15. Qe4 Qe7 16. Rfe1 Rae8 17. Rad1 f5 1/2-1/2

[Event "Mecklenburg VP LL 0910"]
[Site "Mecklenburg VP"]
[Date "2009.11.29"]
[Round "3.4"]
[White "Mertin, Jan"]
[Black "Glawe, Hartmut"]
[Result "1-0"]
[WhiteElo "1939"]
[BlackElo "1897"]
[PlyCount "41"]
[EventDate "2009.10.18"]
[EventType "team-tourn"]
[EventRounds "9"]
[EventCountry "GER"]
[SourceTitle "EXT 2016"]
[Source "ChessBase"]
[SourceDate "2015.10.08"]
[SourceVersion "1"]
[SourceVersionDate "2015.10.08"]
[SourceQuality "1"]
[WhiteTeam "Greifswald II"]
[BlackTeam "Stralsund FHSG"]
[WhiteTeamCountry "GER"]
[BlackTeamCountry "GER"]

1. e4 d5 2. exd5 Qxd5 3. Nc3 Qe6+ 4. Be2 Qg6 5. Bf3 Nf6 6. Nge2 e5 7. d4 exd4 8. Nxd4 Bb4 9. Qe2+ Kd8 10. 0-0 Bxc3 11. bxc3 Bg4 12. Rd1 Kc8 13. Rb1 Bxf3 14. Qxf3 Qe4 15. Qg3 Qg4 16. Qd3 a6 17. Be3 Qe4 18. Qc4 Nd5 19. Re1 Nd7 20. Rxb7 N5b6 21. Qxc7# 1-0

[Event "Mecklenburg VP LL 0708"]
[Site "Mecklenburg VP"]
[Date "2007.11.25"]
[Round "3.5"]
[White "Emmrich, Olaf"]
[Black "Mertin, Jan"]
[Result "1-0"]
[WhiteElo "1867"]
[BlackElo "1869"]
[PlyCount "107"]
[EventDate "2007.10.21"]
[EventType "team-tourn"]
[EventRounds "9"]
[EventCountry "GER"]
[SourceTitle "EXT 2016"]
[Source "ChessBase"]
[SourceDate "2015.10.08"]
[SourceVersion "1"]
[SourceVersionDate "2015.10.08"]
[SourceQuality "1"]
[WhiteTeam "Ludwigslust Post SV"]
[BlackTeam "Greifswald II"]
[WhiteTeamCountry "GER"]
[BlackTeamCountry "GER"]

1. e4 Nf6 2. e5 Nd5 3. d4 d6 4. Nf3 Nc6 5. Bb5 Bd7 6. 0-0 dxe5 7. Bxc6 Bxc6 8. Nxe5 Qd6 9. c4 Nf6 10. Nxc6 Qxc6 11. Qe2 Qe4 12. Be3 c6 13. Nc3 Qg4 14. Qc2 g6 15. Qb3 Qd7 16. Rad1 Bg7 17. d5 0-0 18. Rfe1 Rfc8 19. Bg5 Qg4 20. Bxf6 Bxf6 21. Ne4 Bh4 22. Ng3 cxd5 23. cxd5 Qc4 24. Qa3 f5 25. Ne2 Bf6 26. d6 exd6 27. b3 Qc5 28. Qa4 b5 29. Qf4 Be5 30. Qg5 Qb6 31. Rc1 Rc6 32. Nf4 Rxc1 33. Rxc1 Bxf4 34. Qxf4 Re8 35. Qd2 Re5 36. h4 a6 37. h5 d5 38. Rc8+ Kg7 39. h6+ Kf6 40. Qc3 d4 41. Rf8+ Ke6 42. Qc8+ Kd5 43. Rd8+ Ke4 44. Qc2+ Kf4 45. Qd2+ Kg4 46. Rxd4+ Kh5 47. Qd1+ Kxh6 48. Rh4+ Kg7 49. Qd7+ Kf6 50. Rxh7 Re1+ 51. Kh2 Re6 52. Qg7+ Kg5 53. Qh6+ Kf6 54. f4 1-0

[Event "Mecklenburg VP LL1 0506"]
[Site "Mecklenburg VP"]
[Date "2006.01.29"]
[Round "6.5"]
[White "Rosin, Ralf"]
[Black "Mertin, Jan"]
[Result "0-1"]
[WhiteElo "1752"]
[BlackElo "2012"]
[PlyCount "70"]
[EventDate "2005.10.23"]
[EventType "team"]
[EventRounds "9"]
[EventCountry "GER"]
[SourceTitle "EXT 2008"]
[Source "ChessBase"]
[SourceDate "2007.11.25"]
[SourceVersion "1"]
[SourceVersionDate "2007.11.25"]
[SourceQuality "1"]
[WhiteTeam "Pasewalk"]
[BlackTeam "Greifswald II"]
[WhiteTeamCountry "GER"]
[BlackTeamCountry "GER"]

1. c4 Nf6 2. Nc3 g6 3. g3 Bg7 4. Bg2 e5 5. d3 0-0 6. Nf3 d6 7. 0-0 Nc6 8. Rb1 Nh5 9. e4 a5 10. h3 Ne7 11. Nd5 c6 12. Nxe7+ Qxe7 13. Be3 Bd7 14. Qd2 f5 15. exf5 gxf5 16. Bg5 Qf7 17. Bh4 f4 18. Ng5 Qe8 19. g4 Nf6 20. Ne4 Nxe4 21. Bxe4 Be6 22. Rbc1 h5 23. Bf3 hxg4 24. Bxg4 Bxg4 25. hxg4 f3 26. Qg5 Qe6 27. Rfe1 Rf6 28. Re4 Raf8 29. d4 Rg6 30. Qh5 Rf4 31. Rxf4 exf4 32. Qxg6 Qxg6 33. g5 Qf5 34. Re1 Qg4+ 35. Bg3 fxg3 0-1

[Event "Greifswald Ryck op"]
[Site "Greifswald"]
[Date "2004.08.28"]
[Round "5"]
[White "Hollatz, Michael"]
[Black "Mertin, Jan"]
[Result "0-1"]
[WhiteElo "1414"]
[BlackElo "1641"]
[PlyCount "56"]
[EventDate "2004.08.26"]
[EventType "swiss"]
[EventRounds "7"]
[EventCountry "GER"]
[SourceTitle "EXT 2023"]
[Source "ChessBase"]
[SourceDate "2022.10.05"]
[SourceVersion "1"]
[SourceVersionDate "2022.10.05"]
[SourceQuality "1"]

1. e4 Nf6 2. d3 g6 3. Nf3 Bg7 4. c3 0-0 5. Bf4 c5 6. Qc1 d6 7. Bh6 Nc6 8. Bxg7 Kxg7 9. Nbd2 e5 10. Be2 Nh5 11. g3 f5 12. h4 f4 13. Rg1 d5 14. Qc2 fxg3 15. fxg3 Nf6 16. Nh2 d4 17. 0-0-0 dxc3 18. bxc3 Be6 19. c4 Nd4 20. Qb2 Nxe2+ 21. Kc2 Nxg1 22. Rxg1 Qc7 23. g4 Nd7 24. h5 Rf2 25. Nhf1 Raf8 26. Qc3 Nb8 27. Ne3 Nc6 28. Kd1 Qa5 0-1

[Event "Greifswald op"]
[Site "Greifswald"]
[Date "2004.01.03"]
[Round "2"]
[White "Mertin, Jan"]
[Black "Lueder, Robert"]
[Result "1/2-1/2"]
[WhiteElo "1729"]
[BlackElo "1357"]
[PlyCount "44"]
[EventDate "2004.01.??"]
[EventType "swiss"]
[EventRounds "5"]
[EventCountry "GER"]
[SourceTitle "EXT 2005"]
[Source "ChessBase"]
[SourceDate "2004.11.15"]
[SourceVersion "1"]
[SourceVersionDate "2004.11.15"]
[SourceQuality "1"]

1. e4 e5 2. f4 Nc6 3. Nf3 d6 4. Bb5 Bd7 5. 0-0 g6 6. d4 Bg7 7. d5 Nce7 8. Bxd7+ Qxd7 9. fxe5 dxe5 10. Ng5 Nh6 11. c4 0-0 12. Nc3 Rad8 13. h3 c6 14. Be3 cxd5 15. cxd5 b6 16. Qd2 Kh8 17. Qf2 Nc8 18. Rac1 Nd6 19. b3 Ng8 20. Qh4 h6 21. a4 Qe7 22. Nf3 Qxh4 1/2-1/2

[Event "Mecklenburg VP LL 0304"]
[Site "Mecklenburg VP"]
[Date "2003.09.28"]
[Round "1.8"]
[White "Mertin, Jan"]
[Black "Ganske, Franka"]
[Result "1/2-1/2"]
[WhiteElo "1654"]
[BlackElo "1728"]
[PlyCount "75"]
[EventDate "2003.09.28"]
[EventType "team-tourn"]
[EventRounds "9"]
[EventCountry "GER"]
[SourceTitle "EXT 2005"]
[Source "ChessBase"]
[SourceDate "2004.11.15"]
[SourceVersion "1"]
[SourceVersionDate "2004.11.15"]
[SourceQuality "1"]
[WhiteTeam "Greifswald"]
[BlackTeam "Pasewalk"]
[WhiteTeamCountry "GER"]
[BlackTeamCountry "GER"]

1. e4 d5 2. exd5 Qxd5 3. Nc3 Qd8 4. Nf3 Nf6 5. Bc4 e6 6. 0-0 Be7 7. d4 c6 8. Qe2 0-0 9. Re1 Re8 10. h4 Na6 11. Ne4 Nc7 12. Bd3 Ncd5 13. c4 Nxe4 14. Bxe4 Nf6 15. Bc2 g6 16. Bg5 Nh5 17. Rad1 Bxg5 18. hxg5 Bd7 19. g4 Ng7 20. Ne5 Qe7 21. f4 Rad8 22. Qh2 Rf8 23. Re3 f5 24. Rh3 Ne8 25. Nxg6 hxg6 26. Rh8+ Kf7 27. Rh7+ Ng7 28. Qh6 Rg8 29. c5 Qf8 30. gxf5 exf5 31. Bb3+ Be6 32. Bxe6+ Kxe6 33. Qxg6+ Kd7 34. d5 Kc8 35. d6 Rd7 36. Re1 Ne8 37. Qe6 Ng7 38. Qe5 1/2-1/2

[Event "Greifswald Klar op 1st"]
[Site "Greifswald"]
[Date "2003.07.11"]
[Round "3"]
[White "Mertin, Jan"]
[Black "Hartmann, Elisa"]
[Result "1-0"]
[WhiteElo "1726"]
[BlackElo "1213"]
[PlyCount "89"]
[EventDate "2003.07.10"]
[EventType "swiss"]
[EventRounds "7"]
[EventCountry "GER"]
[SourceTitle "EXT 2005"]
[Source "ChessBase"]
[SourceDate "2004.11.15"]
[SourceVersion "1"]
[SourceVersionDate "2004.11.15"]
[SourceQuality "1"]

1. c4 c5 2. Nc3 Nc6 3. g3 g6 4. Nf3 Bg7 5. Bg2 Nf6 6. 0-0 d6 7. e4 Be6 8. d3 Qc8 9. Ng5 0-0 10. Nxe6 Qxe6 11. f4 Nd4 12. Ne2 Nd7 13. f5 Nxe2+ 14. Qxe2 Bd4+ 15. Be3 Bxe3+ 16. Qxe3 Qe5 17. Bh3 Nf6 18. Rab1 Qd4 19. Qxd4 cxd4 20. b4 Rfd8 21. c5 dxc5 22. bxc5 Rab8 23. Rfc1 g5 24. Rb4 h5 25. e5 Nd7 26. e6 fxe6 27. fxe6 Ne5 28. Bf5 Kg7 29. Be4 Kf6 30. Rcb1 Rdc8 31. Rf1+ Kxe6 32. Bf5+ Kd5 33. Bxc8 Rxc8 34. Rxb7 Nxd3 35. Rxe7 Rxc5 36. Rf5+ Kc4 37. Rxc5+ Nxc5 38. Kf2 Kd3 39. Ke1 Ne4 40. a4 Nc3 41. a5 Kc2 42. Rxa7 d3 43. Rd7 Nd1 44. Rc7+ Nc3 45. Rxc3+ 1-0

[Event "Greifswald Klar op 1st"]
[Site "Greifswald"]
[Date "2003.07.10"]
[Round "1"]
[White "Mertin, Jan"]
[Black "Belger, Christian"]
[Result "0-1"]
[WhiteElo "1726"]
[BlackElo "1408"]
[PlyCount "38"]
[EventDate "2003.07.10"]
[EventType "swiss"]
[EventRounds "7"]
[EventCountry "GER"]
[SourceTitle "EXT 2005"]
[Source "ChessBase"]
[SourceDate "2004.11.15"]
[SourceVersion "1"]
[SourceVersionDate "2004.11.15"]
[SourceQuality "1"]

1. c4 e5 2. Nc3 Nf6 3. Nf3 Nc6 4. g3 d5 5. cxd5 Nxd5 6. Bg2 Be6 7. 0-0 Bc5 8. Ne4 Bb6 9. Neg5 Bg4 10. Qb3 Bxf3 11. Nxf7 Kxf7 12. Qxf3+ Nf6 13. Qb3+ Kf8 14. Kh1 Qe7 15. f4 Nd4 16. Qc4 e4 17. d3 Nxe2 18. dxe4 Nxc1 19. Raxc1 Ng4 0-1

[Event "GER-chT U20"]
[Site "Greifswald"]
[Date "2002.12.28"]
[Round "3.1"]
[White "Meingast, Markus"]
[Black "Mertin, Jan"]
[Result "1-0"]
[WhiteElo "2090"]
[BlackElo "1612"]
[PlyCount "57"]
[EventDate "2002.12.27"]
[EventType "team"]
[EventRounds "7"]
[EventCountry "GER"]
[SourceTitle "CBM 092 Extra"]
[Source "ChessBase"]
[SourceDate "2003.03.07"]
[SourceVersion "1"]
[SourceVersionDate "2003.03.07"]
[SourceQuality "1"]

1. e4 Nf6 2. e5 Nd5 3. c4 Nb4 4. Nc3 d6 5. exd6 cxd6 6. d4 g6 7. Bd3 Bg7 8. Be3 0-0 9. Nge2 N8c6 10. a3 a5 11. 0-0 a4 12. c5 dxc5 13. dxc5 Nd5 14. Nxd5 Qxd5 15. Nc3 Qd8 16. Bc2 Bxc3 17. bxc3 Qa5 18. c4 Be6 19. Qb1 Bxc4 20. Rd1 Qc7 21. Qb2 Be6 22. Bh6 f6 23. Bxf8 Kxf8 24. Rab1 Na5 25. Bxa4 Qxc5 26. Bd7 Bxd7 27. Rxd7 Nc4 28. Qxb7 Qxa3 29. Rxe7 1-0

[Event "GER-chT U20"]
[Site "Greifswald"]
[Date "2002.12.27"]
[Round "2.1"]
[White "Schugal, Michael"]
[Black "Mertin, Jan"]
[Result "1-0"]
[WhiteElo "2146"]
[BlackElo "1612"]
[PlyCount "51"]
[EventDate "2002.12.27"]
[EventType "team"]
[EventRounds "7"]
[EventCountry "GER"]
[SourceTitle "CBM 092 Extra"]
[Source "ChessBase"]
[SourceDate "2003.03.07"]
[SourceVersion "1"]
[SourceVersionDate "2003.03.07"]
[SourceQuality "1"]

1. c4 Nf6 2. g3 g6 3. Bg2 Bg7 4. Nc3 0-0 5. d4 c5 6. d5 d6 7. f4 a6 8. Nf3 Qc7 9. 0-0 Nbd7 10. e4 Rb8 11. a4 Ne8 12. Re1 Nb6 13. Qe2 e6 14. e5 exd5 15. cxd5 Bg4 16. h3 Bxf3 17. Bxf3 Qe7 18. a5 Nd7 19. e6 Ndf6 20. g4 Nc7 21. f5 gxf5 22. gxf5 b5 23. Bg5 fxe6 24. dxe6 h6 25. Bh4 Kh8 26. Rad1 1-0

[Event "Greifswald Ryck op"]
[Site "Greifswald"]
[Date "2002.08.25"]
[Round "7"]
[White "Mertin, Jan"]
[Black "Boettcher, Dietmar"]
[Result "1/2-1/2"]
[WhiteElo "1559"]
[BlackElo "1727"]
[PlyCount "90"]
[EventDate "2002.08.??"]
[EventType "swiss"]
[EventRounds "7"]
[EventCountry "GER"]
[SourceTitle "EXT 2005"]
[Source "ChessBase"]
[SourceDate "2004.11.15"]
[SourceVersion "1"]
[SourceVersionDate "2004.11.15"]
[SourceQuality "1"]

1. e4 g6 2. d4 Bg7 3. Nc3 d6 4. Be3 Nf6 5. f3 c6 6. Qd2 b5 7. 0-0-0 Qa5 8. Kb1 Nbd7 9. g4 Nb6 10. g5 Nfd7 11. Re1 Nc4 12. Bxc4 bxc4 13. Nge2 Rb8 14. Nd1 Qxd2 15. Bxd2 0-0 16. Bc3 Nb6 17. Ne3 Na4 18. Kc1 Nxc3 19. bxc3 Ba6 20. Kd2 Rb2 21. Rb1 Rfb8 22. Rxb2 Rxb2 23. Ra1 Kf8 24. Kc1 Rb6 25. Rb1 Rxb1+ 26. Kxb1 h5 27. h4 Ke8 28. Kc1 Kd7 29. Kd2 Kc7 30. f4 e5 31. f5 Kb6 32. d5 cxd5 33. Nxd5+ Kc5 34. fxg6 Bb7 35. gxf7 Bxd5 36. exd5 Kxd5 37. Ng3 Ke6 38. Nxh5 Kxf7 39. Nxg7 Kxg7 40. h5 d5 41. Ke3 e4 42. Kd4 Kh7 43. Ke3 Kg7 44. Kd4 Kh7 45. Ke3 Kg7 1/2-1/2

[Event "Greifswald Ryck op"]
[Site "Greifswald"]
[Date "2002.08.24"]
[Round "2"]
[White "Mertin, Jan"]
[Black "Riess, Alexander"]
[Result "1-0"]
[WhiteElo "1559"]
[BlackElo "1008"]
[PlyCount "44"]
[EventDate "2002.08.??"]
[EventType "swiss"]
[EventRounds "7"]
[EventCountry "GER"]
[SourceTitle "EXT 2005"]
[Source "ChessBase"]
[SourceDate "2004.11.15"]
[SourceVersion "1"]
[SourceVersionDate "2004.11.15"]
[SourceQuality "1"]

1. e4 c5 2. Nf3 d6 3. d4 cxd4 4. Nxd4 Nf6 5. Nc3 a6 6. Rg1 b5 7. g4 Bb7 8. Qf3 e6 9. Bd3 Nbd7 10. g5 Ne5 11. Qe2 Nfd7 12. f4 Nxd3+ 13. cxd3 b4 14. Na4 Rc8 15. Be3 Nc5 16. Nxc5 Rxc5 17. Nf3 Rc6 18. Kf2 Qc8 19. Rac1 Be7 20. Rxc6 Qxc6 21. Rc1 Qd7 22. Bb6 Bc6 1-0

[Event "Greifswald Ryck op"]
[Site "Greifswald"]
[Date "2002.08.23"]
[Round "4"]
[White "Mertin, Jan"]
[Black "Kalhorn, Stefan"]
[Result "0-1"]
[WhiteElo "1559"]
[BlackElo "2026"]
[PlyCount "72"]
[EventDate "2002.08.??"]
[EventType "swiss"]
[EventRounds "7"]
[EventCountry "GER"]
[SourceTitle "EXT 2005"]
[Source "ChessBase"]
[SourceDate "2004.11.15"]
[SourceVersion "1"]
[SourceVersionDate "2004.11.15"]
[SourceQuality "1"]

1. e4 d6 2. d4 Nf6 3. Nc3 Nbd7 4. Be3 e5 5. d5 Be7 6. f3 Nh5 7. Qd2 h6 8. 0-0-0 Bg5 9. Nge2 Bxe3 10. Qxe3 Qg5 11. Qxg5 hxg5 12. h4 Nf4 13. g3 Nxe2+ 14. Bxe2 gxh4 15. Rh2 Nf8 16. Rdh1 Ng6 17. Bb5+ Bd7 18. Bxd7+ Kxd7 19. gxh4 Rh5 20. Ne2 Rah8 21. Kd2 Rxh4 22. Rxh4 Rxh4 23. Rg1 Rh7 24. Ke3 Ne7 25. Ng3 g6 26. Nh1 f5 27. Nf2 Rh2 28. c4 c5 29. b4 cxb4 30. Rb1 Rg2 31. a3 fxe4 32. Nxe4 Nf5+ 33. Kd3 Ra2 34. axb4 Ra3+ 35. Nc3 Nd4 36. Rf1 Ne2 0-1

[Event "Greifswald op U18a"]
[Site "Greifswald"]
[Date "2002.07.12"]
[Round "5"]
[White "Janotta, Steffi"]
[Black "Mertin, Jan"]
[Result "1-0"]
[WhiteElo "1766"]
[BlackElo "1579"]
[PlyCount "183"]
[EventDate "2002.07.??"]
[EventType "swiss"]
[EventRounds "7"]
[EventCountry "GER"]
[SourceTitle "EXT 2005"]
[Source "ChessBase"]
[SourceDate "2004.11.15"]
[SourceVersion "1"]
[SourceVersionDate "2004.11.15"]
[SourceQuality "1"]

1. e4 e6 2. d4 d5 3. e5 c5 4. c3 Nc6 5. Nf3 Qb6 6. a3 a5 7. Bd3 cxd4 8. cxd4 Bd7 9. 0-0 Nge7 10. Nc3 Nxd4 11. Nxd4 Qxd4 12. Re1 Qa7 13. Be3 Qb8 14. Nb5 Bxb5 15. Bxb5+ Nc6 16. Rc1 Qc7 17. Qa4 Rc8 18. Bd2 Be7 19. Bxa5 Qd7 20. Rc3 0-0 21. Qg4 d4 22. Rh3 Qd5 23. Qh5 h6 24. Bd2 Qxb5 25. Bxh6 Nxe5 26. Rxe5 Qxb2 27. Bd2 Rc1+ 28. Be1 f6 29. Rxe6 Qb1 30. Qd5 Rf7 31. Kf1 Rc5 32. Qxd4 Qb5+ 33. Kg1 Rd5 34. Qe4 f5 35. Qe3 Qd7 36. Rg3 Bf6 37. Re8+ Rf8 38. Qe6+ Qxe6 39. Rxe6 Kf7 40. Rb6 Rd7 41. Rgb3 Re8 42. Rb1 Rb8 43. a4 Bd4 44. R6b5 g6 45. a5 Ke7 46. Bb4+ Kf6 47. Ba3 Re8 48. Kf1 Re5 49. Rxe5 Bxe5 50. Bc5 Bc3 51. Bb4 Bxb4 52. Rxb4 Rd5 53. Rxb7 Rxa5 54. g3 Kg5 55. h4+ Kh6 56. Kg2 Ra2 57. Rb4 g5 58. Rb5 gxh4 59. gxh4 Kh5 60. Rxf5+ Kxh4 61. Rf8 Rb2 62. Re8 Ra2 63. Kf3 Kg5 64. Re5+ Kf6 65. Rb5 Ra3+ 66. Kg4 Ra4+ 67. f4 Ra6 68. Rf5+ Ke6 69. Rg5 Kf6 70. Rh5 Ra1 71. Rh6+ Kg7 72. Rb6 Rg1+ 73. Kf5 Rf1 74. Rb7+ Kf8 75. Ke5 Re1+ 76. Kf6 Ke8 77. Rb8+ Kd7 78. f5 Rg1 79. Kf7 Kd6 80. f6 Kd7 81. Kf8 Kd6 82. Rb6+ Kd7 83. f7 Kd8 84. Re6 Kd7 85. Re3 Kd8 86. Rd3+ Kc7 87. Rd4 Kc8 88. Ke7 Re1+ 89. Kf6 Rf1+ 90. Ke6 Re1+ 91. Kf5 Rf1+ 92. Rf4 1-0

[Event "Greifswald op U18a"]
[Site "Greifswald"]
[Date "2002.07.11"]
[Round "1"]
[White "Mertin, Jan"]
[Black "Scheiwe, Clemens"]
[Result "1-0"]
[WhiteElo "1579"]
[BlackElo "833"]
[PlyCount "39"]
[EventDate "2002.07.??"]
[EventType "swiss"]
[EventRounds "7"]
[EventCountry "GER"]
[SourceTitle "EXT 2005"]
[Source "ChessBase"]
[SourceDate "2004.11.15"]
[SourceVersion "1"]
[SourceVersionDate "2004.11.15"]
[SourceQuality "1"]

1. e4 e5 2. Nf3 Nc6 3. Bb5 Bc5 4. c3 Nf6 5. 0-0 Nxe4 6. d4 0-0 7. dxc5 d6 8. cxd6 cxd6 9. Nbd2 Nxd2 10. Bxd2 e4 11. Bxc6 bxc6 12. Nd4 c5 13. Nb3 Ba6 14. Re1 e3 15. Bxe3 Qc8 16. Qxd6 Bb7 17. Qxc5 Qg4 18. Qg5 Qe4 19. Bd4 Qd3 20. Qxg7# 1-0